<?xml version="1.0" encoding="UTF-8"?>
<record
    xmlns:xsi="http://www.w3.org/2001/XMLSchema-instance"
    xsi:schemaLocation="http://www.loc.gov/MARC21/slim http://www.loc.gov/standards/marcxml/schema/MARC21slim.xsd"
    xmlns="http://www.loc.gov/MARC21/slim">

  <leader>01316nam a2200277Ia 4500</leader>
  <datafield tag="952" ind1=" " ind2=" ">
    <subfield code="0">0</subfield>
    <subfield code="1">0</subfield>
    <subfield code="4">0</subfield>
    <subfield code="7">0</subfield>
    <subfield code="a">04</subfield>
    <subfield code="b">04</subfield>
    <subfield code="d">2008-07-29</subfield>
    <subfield code="l">0</subfield>
    <subfield code="o">HG4026 E4718 2007</subfield>
    <subfield code="p">04 001655</subfield>
    <subfield code="r">2013-05-22</subfield>
    <subfield code="t">1</subfield>
    <subfield code="w">2012-06-24</subfield>
    <subfield code="y">LB</subfield>
  </datafield>
  <datafield tag="952" ind1=" " ind2=" ">
    <subfield code="0">0</subfield>
    <subfield code="1">0</subfield>
    <subfield code="4">0</subfield>
    <subfield code="7">0</subfield>
    <subfield code="a">04</subfield>
    <subfield code="b">04</subfield>
    <subfield code="d">2010-01-27</subfield>
    <subfield code="l">0</subfield>
    <subfield code="o">HG4026 E4718 2007</subfield>
    <subfield code="p">04 002650</subfield>
    <subfield code="r">2013-05-22</subfield>
    <subfield code="t">2</subfield>
    <subfield code="w">2012-06-24</subfield>
    <subfield code="y">LB</subfield>
  </datafield>
  <datafield tag="952" ind1=" " ind2=" ">
    <subfield code="0">0</subfield>
    <subfield code="1">0</subfield>
    <subfield code="4">0</subfield>
    <subfield code="7">0</subfield>
    <subfield code="a">04</subfield>
    <subfield code="b">04</subfield>
    <subfield code="d">2010-01-27</subfield>
    <subfield code="l">1</subfield>
    <subfield code="o">HG4026 E4718 2007</subfield>
    <subfield code="p">04 002651</subfield>
    <subfield code="r">2021-12-07</subfield>
    <subfield code="s">2014-05-05</subfield>
    <subfield code="t">3</subfield>
    <subfield code="w">2012-06-24</subfield>
    <subfield code="y">LB</subfield>
  </datafield>
  <datafield tag="952" ind1=" " ind2=" ">
    <subfield code="0">0</subfield>
    <subfield code="1">0</subfield>
    <subfield code="2">lcc</subfield>
    <subfield code="4">0</subfield>
    <subfield code="7">0</subfield>
    <subfield code="a">12</subfield>
    <subfield code="b">12</subfield>
    <subfield code="d">2018-08-11</subfield>
    <subfield code="l">2</subfield>
    <subfield code="o">HG4026  E4718 2007</subfield>
    <subfield code="p">24 000724</subfield>
    <subfield code="r">2023-01-31</subfield>
    <subfield code="s">2020-01-31</subfield>
    <subfield code="t">1</subfield>
    <subfield code="w">2018-08-11</subfield>
    <subfield code="y">LB</subfield>
  </datafield>
  <datafield tag="999" ind1=" " ind2=" ">
    <subfield code="c">62175</subfield>
    <subfield code="d">62175</subfield>
  </datafield>
  <controlfield tag="008">120625s2007    mx            001 0 spa d</controlfield>
  <datafield tag="020" ind1=" " ind2=" ">
    <subfield code="a">9789706865946</subfield>
  </datafield>
  <datafield tag="050" ind1=" " ind2="4">
    <subfield code="a">HG4026 </subfield>
    <subfield code="b">E4718 2007</subfield>
  </datafield>
  <datafield tag="100" ind1="1" ind2=" ">
    <subfield code="a">Ehrhardt, Michael C. </subfield>
    <subfield code="e"> , autor </subfield>
  </datafield>
  <datafield tag="240" ind1="1" ind2="0">
    <subfield code="a">Corporate Finance. A Focused Approach </subfield>
    <subfield code="l">Espa&#xF1;ol </subfield>
  </datafield>
  <datafield tag="245" ind1="1" ind2="0">
    <subfield code="a">Finanzas corporativas </subfield>
    <subfield code="c"> / Michael C. Ehrhardt, Eugene F. Brigham ; traducci&#xF3;n Jos&#xE9; C. Pecina Hern&#xE1;ndez </subfield>
  </datafield>
  <datafield tag="250" ind1=" " ind2=" ">
    <subfield code="a">2a. edici&#xF3;n </subfield>
  </datafield>
  <datafield tag="260" ind1=" " ind2=" ">
    <subfield code="a">M&#xE9;xico</subfield>
    <subfield code="b"> : Thomson </subfield>
    <subfield code="c"> , 2007</subfield>
  </datafield>
  <datafield tag="300" ind1=" " ind2=" ">
    <subfield code="a">xix, 650 p&#xE1;ginas </subfield>
    <subfield code="c"> ; 27 cm. </subfield>
  </datafield>
  <datafield tag="500" ind1=" " ind2=" ">
    <subfield code="a">T&#xED;tulo original: Corporate Finance. A Focused Approach </subfield>
  </datafield>
  <datafield tag="505" ind1="0" ind2=" ">
    <subfield code="a">Conceptos fundamentales de finanzas corporativas 
Los valores y su valuaci&#xF3;n 
Los proyectos y su valuaci&#xF3;n 
Valuaci&#xF3;n corporativa 
Decisiones estrat&#xE9;gicas del financiamiento 
Temas especiales </subfield>
  </datafield>
  <datafield tag="519" ind1=" " ind2=" ">
    <subfield code="a">Material Complementario / </subfield>
    <subfield code="d">(04 001655)</subfield>
  </datafield>
  <datafield tag="519" ind1=" " ind2=" ">
    <subfield code="a">Material Complementario / </subfield>
    <subfield code="d">(04 002650)</subfield>
  </datafield>
  <datafield tag="519" ind1=" " ind2=" ">
    <subfield code="a">Material Complementario / </subfield>
    <subfield code="d">(04 002651)</subfield>
  </datafield>
  <datafield tag="519" ind1=" " ind2=" ">
    <subfield code="a">Plan Flexible / 
</subfield>
    <subfield code="b">Contador P&#xFA;blico IPN / </subfield>
    <subfield code="c">Finanzas Corporativas (N3-VI-3) / </subfield>
    <subfield code="d">(24 000724)</subfield>
  </datafield>
  <datafield tag="650" ind1=" " ind2="4">
    <subfield code="a">SOCIEDADES AN&#xD3;NIMAS </subfield>
    <subfield code="x">FINANZAS </subfield>
  </datafield>
  <datafield tag="650" ind1=" " ind2="4">
    <subfield code="a">EMPRESAS </subfield>
    <subfield code="x">FINANZAS </subfield>
  </datafield>
  <datafield tag="700" ind1="1" ind2=" ">
    <subfield code="a">Brigham, Eugene F. </subfield>
    <subfield code="e"> , autor </subfield>
  </datafield>
  <datafield tag="700" ind1="1" ind2=" ">
    <subfield code="a">Pecina Hern&#xE1;ndez, Jos&#xE9; C. </subfield>
    <subfield code="e"> , traductor </subfield>
  </datafield>
  <datafield tag="942" ind1=" " ind2=" ">
    <subfield code="c">LB</subfield>
    <subfield code="2">lcc</subfield>
  </datafield>
</record>
